Global theory of dynamical systems
Guardat en:
| Autors principals: | , |
|---|---|
| Format: | Llibre |
| Idioma: | anglès |
| Publicat: |
Berlín
Springer-Verlag
1980
|
| Col·lecció: | Lecture Notes in Mathematics, 819
|
| Matèries: | |
| Etiquetes: |
Afegir etiqueta
Sense etiquetes, Sigues el primer a etiquetar aquest registre!
|
MARC
| LEADER | 00000nam a2200000 a 4500 | ||
|---|---|---|---|
| 001 | UCP3014 | ||
| 003 | CL-VaPUC | ||
| 005 | 20230619091232.0 | ||
| 008 | 990604e19800000gw 1 eng d | ||
| 082 | 0 | 4 | |a 515.352 |b NIT |2 21 |
| 100 | |a Nitecki, Zbigniew |e author |9 430124 | ||
| 700 | 1 | |a Robinson, C |e author |9 619512 | |
| 245 | 1 | 0 | |a Global theory of dynamical systems |
| 260 | |a Berlín |b Springer-Verlag |c 1980 | ||
| 300 | |a 499 p | ||
| 490 | 0 | |a Lecture Notes in Mathematics, 819 | |
| 583 | |a last modification |c 19990604 00:00:00 |k Rodrigo Vera | ||
| 650 | 0 | 0 | |a Sistemas dinámicos |9 260496 |
| 650 | 0 | 0 | |a Ecuaciones diferenciales ordinarias |9 270041 |
| 942 | |c BK | ||
| 945 | |a crobeson |d 19990604 00:00:00 | ||
| 546 | |a En Inglés | ||
| 518 | |p International Conference on Global Theory of Dynamical Systems, Evansston, 18 al 22 de junio de 1979 | ||
| 999 | |c 383433 |d 383431 | ||
| 952 | |0 0 |1 0 |4 0 |6 515_352000000000000_NIT_1980 |7 0 |8 A |9 505551 |a BIBMAT |b BIBMAT |d 2020-01-23 |i 1347306 |o 515.352 NIT 1980 |p 1347306 |r 2025-01-07 |w 2020-01-23 |y BK |k MAT | ||